000 00252nam a2200109Ia 4500
999 _c7955
_d7955
020 _a978-8183330084
100 _aIvan Bayross
245 0 _aWeb Enabled Commercial Applications Development
260 _aindia
_bBPB
_c1999
300 _a1012
942 _cBK